000 00640nam a2200205 i 4500
001 70622
003 ES-MaACL
005 20231218195159.0
007 t|
008 040729s1967 sp ||||1| spa d
100 1 _aGardiner, Jewel.
_955497
245 1 0 _aServicio bibliotecario en la escuela elemental /
_cpor Jewel Gardiner ; [traducido por Consuelo Betés].
250 _a[2ª ed.].
260 _aMéxico :
_bPax-México,
_c[1967]
300 _a198 p., 9 lám. ;
_c24 cm.
650 0 4 _aBibliotecas escolares.
_910544
700 1 _aBetes, Consuelo,
_d1893-
_928648
852 _aES-MaACL
_jE-9213
_bR.93695
999 _c70622
_d70622